000 01504nam a22002657a 4500
001 9228
003 FISKH
005 20251203155111.0
008 251203b cb ||||| |||| 00| 0 eng d
040 _aFISKH
_bkhr
_cFISKH
_dFISKH
082 _a398.2
100 _aMaxwell , Arthur S.
245 _aឆ្កែពីរក្បាលនិងក្មេងស្រី :
_bTwo dogs and a girl /
_cBy Arhur S. Maxwell
260 _aPhnom Penh :
300 _a18 pages :
_bcolor illustrations ;
_c21 cm .
505 _aJ
520 _aកាលពីព្រេងនាយមានឆ្កែពីរក្បាលឈ្មោះថេឌី និង ស៊ូធី ។ពួកវានៅជាមួយក្មេងស្រីម្នាក់ឈ្មោះ ម៉ារី ។ ពួកគេរស់នៅក្នុងគ្រួសារមួយដែលមាន​ឪពុកម្តាយ និង មីង យ៉ាងសប្បាយរីករាយ ។
520 _aOnce upon a time, there were two-headed dogs named Teddy and Sooti. They lived with a little girl named Mary. They lived in a family with her parents and Ming, happily and joyfully.
521 8 _a480
_bLexile estimate
521 8 _aJ
_bRaz-Plus
650 _aឆ្កែពីរក្បាលនិងក្មេងស្រី
_vរឿងនិទានកុមារ
650 _aTwo dogs and a girl
_vChildren's Stories
942 _2ddc
_cKHB
_n0
999 _c9228
_d9228